[Event "RUS-ch"]
[Site "Elista"]
[Date "1995.??.??"]
[Round "9"]
[White "Ivanov, Sergey"]
[Black "Rustemov, Alexander"]
[Result "0-1"]
[WhiteElo "2545"]
[BlackElo "2475"]
[Annotator "Hecht,H"]
[PlyCount "144"]
[EventDate "1995.10.??"]
[EventType "swiss"]
[EventRounds "11"]
[EventCountry "RUS"]
[SourceTitle "CBM 050"]
[Source "ChessBase"]
[SourceDate "1996.02.01"]
[SourceVersion "1"]
[SourceVersionDate "1996.02.01"]
[SourceQuality "1"]

1. d4 f5 2. c4 Nf6 3. Nc3 g6 4. g3 Bg7 5. Bg2 d6 6. Nf3 O-O 7. O-O Nc6 8. d5
Na5 9. Qa4 b6 10. Nd4 Bd7 11. Qc2 Nxc4 12. Ncb5 a6 13. Qxc4 axb5 14. Nxb5 Ra5
15. Nd4 Rc5 16. Qb3 Nh5 17. Nc6 Bxc6 18. dxc6+ d5 19. Be3 e6 20. Bxc5 bxc5 21.
Rac1 c4 22. Qb4 Qb8 23. Qxb8 Rxb8 24. b3 c3 25. Rfd1 Kf8 26. e3 Ke7 27. h3 Rb4
28. Bf3 Bf6 29. Bxh5 gxh5 30. Rd3 Kd6 31. Rdxc3 Bxc3 32. Rxc3 {T-T Motive:
Freibauern auf beiden Seiten. starker schwarzer d-Freibauer bei
abgeschnittenem wK. Weiße Verteidigung verbesserungsbedürftig! Später T+4B vs
D+2 Bauern mit Umgehung der weißen Position durch sK} e5 33. Kg2 (33. a3 $5 d4
$6 (33... Rb6 34. b4 Rxc6 35. Rxc6+ Kxc6 36. a4 Kb6 37. Kf1 c5 38. b5 c4 39.
Ke2 d4 40. exd4 exd4 41. Kd2 $10) 34. exd4 Rxd4 35. b4 $14) (33. Kf1 $5) 33...
d4 34. exd4 exd4 35. Rc1 Rb8 36. Kf3 Re8 37. Rc2 Kd5 38. Re2 Ra8 39. Re7 (39.
Rd2 $1) 39... Kxc6 40. Rxh7 Re8 $1 41. Rxh5 d3 42. Rh4 Kd5 43. Rh7 Kd6 44. Rh4
c5 45. Rh6+ Kc7 46. Rh7+ Kc8 47. Ra7 d2 48. Ra8+ Kd7 49. Rxe8 d1=Q+ 50. Re2
Qh1+ 51. Kf4 Qf1 52. Kf3 Qxh3 53. Re3 Qh8 54. a4 Qh1+ 55. Ke2 Qb1 56. Kf3 Qf1
57. Rc3 Kc6 58. Re3 Kd6 59. a5 (59. Rc3 Kd5 60. Re3 Kd4 {Zugzwang}) 59... Kc6
60. a6 Kb6 61. Rc3 Qh1+ 62. Ke2 Qa1 63. a7 Qxa7 64. Rf3 Qa2+ 65. Kf1 Qb1+ 66.
Ke2 Kb5 67. Rd3 Kb4 68. Re3 Ka3 69. Rd3 Kb2 70. Rf3 Qc2+ 71. Ke1 Kc1 72. Kf1
Qd1+ 0-1

[Event "Linares zt"]
[Site "Linares"]
[Date "1995.??.??"]
[Round "9"]
[White "Van der Sterren, Paul"]
[Black "Cacho Reigadas, Sergio"]
[Result "1/2-1/2"]
[WhiteElo "2545"]
[BlackElo "2400"]
[Annotator "Johnson,M"]
[PlyCount "153"]
[EventDate "1995.11.??"]
[EventType "swiss"]
[EventRounds "11"]
[EventCountry "ESP"]
[SourceTitle "CBM 051"]
[Source "ChessBase"]
[SourceDate "1996.04.01"]
[SourceVersion "1"]
[SourceVersionDate "1996.04.01"]
[SourceQuality "1"]

1. d4 f5 2. g3 Nf6 3. Bg2 g6 4. c4 Bg7 5. Nc3 O-O 6. Nf3 d6 7. O-O Nc6 8. d5
Ne5 9. Nxe5 dxe5 10. Qb3 Kh8 11. Rd1 h6 12. c5 a6 13. Bd2 Qe8 14. Be1 g5 15. d6
exd6 16. cxd6 c6 17. Na4 Qf7 18. Nc5 e4 19. f3 Nd5 20. fxe4 fxe4 21. Nxe4 Be6
22. Nc5 Nf4 23. Nxe6 Nxe6 24. e3 $6 (24. Bc3 $1 Rad8 25. e4 $18) 24... g4 25.
Bc3 Ng5 26. Qxf7 Rxf7 27. Bxg7+ Kxg7 28. Rd4 h5 29. Rad1 Rd8 30. d7 Ne6 31. Re4
Nf8 (31... Nc5 32. Re5 Rfxd7 33. Rxd7+ Nxd7 34. Rxh5 Kg6 35. Ra5 $18) 32. Re5
Rdxd7 33. Rxd7 Rxd7 34. Rxh5 Rd1+ 35. Bf1 Nh7 36. Re5 Kg6 37. Re4 Nf6 38. Rd4
Rb1 39. Rd2 Ne4 40. Rc2 Re1 41. Kg2 Rxe3 42. Re2 Rxe2+ 43. Bxe2 Kg5 44. Bd3 Nd6
45. Kf2 Nf5 46. Bf1 c5 47. Ke2 Nd6 48. Ke3 Kf5 49. Be2 b5 50. b3 Ne8 51. a4 Nd6
52. a5 Kg5 53. Bd3 c4 54. bxc4 bxc4 55. Be2 Nb7 56. Bxc4 Nxa5 57. Bd5 Kf5 58.
Kd3 Kf6 59. Ke4 Kg6 60. Kf4 Kf6 61. Kxg4 Ke5 62. Ba2 Kf6 63. Bd5 Ke5 64. Ba2
Kf6 65. Kh5 Nc6 66. g4 Ne5 67. h3 Nf7 68. Kh4 a5 69. Kg3 a4 70. h4 a3 71. Kf4
Nh6 72. g5+ Kg6 73. Bb1+ Kg7 74. Ke5 Nf7+ 75. Kf4 Nh6 76. Ke3 Nf5+ 77. Kd3
1/2-1/2

[Event "Lasker Memorial op"]
[Site "Barlinek"]
[Date "2001.07.18"]
[Round "3"]
[White "Bator, Robert"]
[Black "Dworakowska, Joanna"]
[Result "1/2-1/2"]
[WhiteElo "2403"]
[BlackElo "2350"]
[Annotator "Konikowski,J"]
[PlyCount "74"]
[EventDate "2001.07.19"]
[EventType "swiss"]
[EventRounds "10"]
[EventCountry "POL"]
[SourceTitle "CBM 085"]
[Source "ChessBase"]
[SourceDate "2001.11.13"]
[SourceVersion "1"]
[SourceVersionDate "2001.11.13"]
[SourceQuality "1"]

1. d4 f5 2. g3 Nf6 3. Bg2 g6 4. Nf3 Bg7 5. O-O O-O 6. c4 d6 7. Nc3 Nc6 8. d5
Na5 9. Nd2 c5 10. a3 Bd7 11. Rb1 Rb8 12. Qc2 Qc7 13. b3 a6 14. Bb2 b5 15. Na2
$146 {[%mdl 8]} (15. Ba1 Qc8 16. e4 f4 17. Ne2 fxg3 18. hxg3 g5 19. f3 e5 20.
Qc3 Qd8 21. Qe3 Nh5 22. Bc3 b4 23. Bb2 Nb7 24. a4 Qf6 25. Rf2 Bh6 26. Qd3 Rf7
27. Nf1 Rbf8 28. Ne3 Qg6 29. g4 Nf4 $36 {Barcenilla,R-Akopian,V/Baguio 1987/})
15... bxc4 16. bxc4 Rb7 17. Bc3 Rfb8 18. Rxb7 Rxb7 19. Nc1 Ng4 20. Bxg7 Kxg7
21. Nd3 Kg8 22. h3 Nf6 23. Nf4 Qb8 24. Nd3 {[%cal Yb4c6,Yd3b4,Yf4d3]} Nb3 25.
Nxb3 Rxb3 26. Nb4 (26. Ra1 $5 $11) 26... Ba4 (26... Rxa3 $5) 27. Nc6 Qc7 28.
Rb1 Rxb1+ (28... Rxa3 $142 $5 29. Qd2 Kg7 $17) 29. Qxb1 e5 30. Qb2 Kf7 31. Nb8
a5 (31... Bb5 $5 32. cxb5 Qxb8 33. a4 axb5 34. axb5 Qb7 $15) 32. e3 h5 33. f4
e4 34. Bf1 Ke7 35. Be2 Ne8 36. Qb1 Kf8 37. Kg2 Nf6 1/2-1/2

[Event "Berga op"]
[Site "Berga"]
[Date "1993.??.??"]
[Round "6"]
[White "Spassov, Liuben"]
[Black "Marin, Mihail"]
[Result "0-1"]
[WhiteElo "2435"]
[BlackElo "2515"]
[Annotator "Marin,M"]
[PlyCount "54"]
[EventDate "1993.08.??"]
[EventType "swiss"]
[EventRounds "9"]
[EventCountry "NED"]
[SourceTitle "CBM 038"]
[Source "ChessBase"]
[SourceDate "1994.02.01"]
[SourceVersion "1"]
[SourceVersionDate "1994.02.01"]
[SourceQuality "1"]

1. Nf3 f5 2. g3 Nf6 3. Bg2 g6 4. O-O Bg7 5. d4 O-O 6. c4 d6 7. Nc3 Nc6 (7...
Qe8) 8. d5 Na5 (8... Ne5) 9. Qa4 (9. Qd3) (9. Nd2) 9... c5 10. dxc6 bxc6 (10...
Nxc6 11. Rd1 Qa5 (11... Bd7 12. c5 dxc5 13. Qb3+ Kh8 14. Qxb7 $16) 12. Qb3) 11.
Nd4 Bd7 $5 (11... c5 12. Bxa8 cxd4 $13) 12. Rd1 $2 (12. Nxc6 Nxc6 13. Bxc6 Rc8
14. Bxd7 Qxd7 $132) (12. Nb3 Nxb3 13. axb3) 12... c5 13. Nc6 (13. Ndb5 a6 14.
Bxa8 axb5) 13... Nxc6 (13... Bxc6 14. Bxc6 Rb8 15. Bd5+ $5) 14. Bxc6 Rb8 $1 (
14... Bxc6 15. Qxc6 Qb6 16. Qf3) 15. Bxd7 Qxd7 16. Qc2 (16. Qxd7 Nxd7 {/\ Bc3,
Nb6, Ne5}) 16... Qe6 17. b3 (17. Nd5 Nxd5 18. Rxd5 Qe4 19. Qxe4 fxe4 20. Rd2
Bd4 21. e3 Be5) 17... Ne4 18. Bb2 Bxc3 $1 19. Bxc3 f4 (19... Nxc3 20. Qxc3 Qxe2
21. Re1) 20. Be1 (20. f3 Nxc3 21. Qxc3 fxg3 22. hxg3 Qxe2 23. Re1 Qxf3 24. Qxf3
Rxf3 25. Rxe7 Rxg3+ 26. Kh2 Rg5) 20... f3 21. exf3 (21. Rd3 Ng5) (21. h4 Nxg3
22. fxg3 fxe2 23. Rd2 (23. Rd3 Rf1+ 24. Kh2 Qe4 $19) 23... Qh3 24. Bf2 Rxf2 25.
Kxf2 Rf8+ 26. Kxe2 Qg2+) 21... Rxf3 22. Rd3 (22. Qe2 Rbf8 23. Rd3 Rxf2 24. Bxf2
Rxf2 25. Qxf2 Nxf2 26. Kxf2 Qf6+ 27. Kg2 Qxa1) 22... Ng5 $1 $40 23. h4 (23.
Rad1 Rbf8 {/\ 24...Rxd3, 25...Nf3}) 23... Nh3+ (23... Qe4 24. Rd2 (24. Rc3 $2
Rxc3 25. Qxc3 Nf3+)) (23... Qf5 24. Rc3) 24. Kf1 (24. Kg2 Qe4) (24. Kh2 Nf4 25.
gxf4 Qh3+ 26. Kg1 Rxd3) 24... Qe4 25. Rad1 (25. Rd2 Qg4) (25. Rc3 Rxf2+ 26.
Bxf2 Qh1+ 27. Ke2 Qxa1 28. Rf3 (28. Be3 Qh1) (28. Be1 Ng1+) 28... Nxf2) 25...
Rxg3 $1 26. fxg3 Qh1+ 27. Ke2 Qg2+ 0-1

[Event "Leon"]
[Site "Leon"]
[Date "1997.06.11"]
[Round "7"]
[White "Estremera Panos, Sergio"]
[Black "De la Villa Garcia, Jesus Maria"]
[Result "1-0"]
[WhiteElo "2430"]
[BlackElo "2495"]
[Annotator "Meulders,R"]
[PlyCount "91"]
[EventDate "1997.06.05"]
[EventType "tourn"]
[EventRounds "9"]
[EventCountry "ESP"]
[EventCategory "10"]
[SourceTitle "CBM 060"]
[Source "ChessBase"]
[SourceDate "1997.09.29"]
[SourceVersion "1"]
[SourceVersionDate "1997.09.29"]
[SourceQuality "1"]

1. d4 {Hecht} f5 2. g3 g6 3. Bg2 Nf6 4. Nf3 Bg7 5. O-O O-O 6. c4 d6 7. Nc3 Nc6
8. d5 Ne5 9. Qb3 {Die wichtigste Initiative zu 9.Nxe5, aber eigentlich sollte
dieser Zug Schwarz wenig Schwierigkeiten bereiten.} Nxf3+ (9... Ned7 $5 10. Be3
Nc5 (10... Re8 11. Rad1 Nf8 12. Nd4 Kh8 13. Bc1 e5 14. dxe6 Nxe6 15. Nxe6 Rxe6
16. c5 c6 17. cxd6 Rxd6 18. Bf4 Rxd1 19. Rxd1 Qe7 $11) 11. Bxc5 dxc5 12. Ng5
Qd6 $1 13. Nb5 Qb6 14. e4 h6 15. Nh3 a6 16. Qa3 Nxe4 $13) 10. Bxf3 (10. exf3)
10... Nd7 (10... e5 11. dxe6 c6 {/\Qe7-Be6=}) 11. Qc2 Ne5 12. Bg2 Nxc4 13. Nb5
a6 14. Qxc4 axb5 15. Qxb5 Qd7 (15... b6 16. Re1 Bd7 17. Qd3 Qe8 18. e4 fxe4 19.
Qxe4 Qf7 20. f4 Bf6 $11) 16. Qc4 Ra5 17. b4 Ra8 $6 (17... Bxa1 18. Bh6 (18.
bxa5 Bg7 $11) 18... Rxa2 19. Bxf8 Ra4 20. Bh6 b5 $17) 18. Rb1 e5 19. dxe6 Qe7
20. Bg5 $1 Bf6 21. Bxf6 Rxf6 22. b5 Bxe6 23. Bd5 Qf7 24. Bxe6 Rxe6 25. Rfc1 Re7
26. Rb2 b6 $6 {Die weiße Dame steht besser als die schwarze, also hätte
Schwarz am besten getauscht, mit einer ausgeglichenen Stellung.} (26... Qxc4
27. Rxc4 Rc8 $11) 27. e3 Ra7 $6 {Wieder zu passiv.} (27... Qxc4 28. Rxc4 Kf8
29. Rbc2 Ra7 $11) 28. Qd4 $1 Re4 29. Qd2 Rea4 30. h4 h5 31. Rc3 Re4 32. Rbc2
Re5 33. a4 $1 Kh7 34. Kh2 Qg7 35. Rc6 Re7 36. R2c4 Qa1 37. Qc2 Qg7 38. e4 Rxe4
$2 {Weil Schwarz versäumt hat die Damen zu tauschen ist Ra7 zu Passivität
verurteilt (es droht Rxc7 mit Damengewinn). Der Re7 ist daher unentbehrlich
für die Verteidigung der siebenten Reihe. Jetzt bietet Schwarz selbst deren
Tausch an, mit fast unmittelbarer Zusammenbruch.} (38... fxe4 39. Rxe4 Rf7 $11
{/+=}) 39. Rxe4 fxe4 40. Qxe4 {[#] Hecht Motive: passiver schwarzer Turm,
Bauernschwäche c7, anfällige schwarze Königsstellung.} Qf7 (40... Ra8 $5 {Hecht
} 41. Rxc7 Qxc7 42. Qxa8 Qc5 43. Kg2 d5 44. a5 $16) 41. Kg2 Kg8 42. Rc3 $1 d5
$2 43. Qe5 $18 Qd7 44. Rc6 $1 Qg7 (44... Qf7 45. Rf6 $18) (44... Kh7 {Hecht}
45. Re6 $18) 45. Qe8+ Kh7 46. Qb8 1-0

[Event "RUS-ch m1-2"]
[Site "Elista"]
[Date "1997.05.20"]
[Round "1.2"]
[White "Sakaev, Konstantin"]
[Black "Lastin, Alexander"]
[Result "0-1"]
[WhiteElo "2580"]
[BlackElo "2535"]
[Annotator "Meulders,R"]
[PlyCount "112"]
[EventDate "1997.05.19"]
[EventType "k.o."]
[EventRounds "6"]
[EventCountry "RUS"]
[SourceTitle "CBM 059"]
[Source "ChessBase"]
[SourceDate "1997.08.01"]
[SourceVersion "1"]
[SourceVersionDate "1997.08.01"]
[SourceQuality "1"]

1. d4 {Hecht} f5 2. g3 Nf6 3. Bg2 g6 4. Nf3 Bg7 5. O-O O-O 6. c4 d6 7. Nc3 Nc6
8. d5 Na5 9. Qd3 {(9.Qa4; 9.Nd2)} e5 10. dxe6 Bxe6 11. b3 Nc6 12. Bb2 (12. Rb1
$1 {wie in Bareev-Lastin.}) 12... Ne4 13. Rac1 a5 14. Rfd1 (14. a3 Nc5 15. Qc2
f4 $36) 14... a4 15. Qb1 axb3 16. axb3 Qf6 17. e3 Rae8 18. Rc2 Qe7 19. Nd5 Qf7
20. Bxg7 Qxg7 21. Qb2 Qxb2 22. Rxb2 Bxd5 23. cxd5 Nb4 24. Rd4 Na6 25. Rc2 Re7
26. b4 (26. Nd2 Nxd2 27. Rdxd2 Nc5 28. b4 Ne4 29. Rd4 $14) 26... Nb8 27. Rdc4
c5 $5 28. dxc6 $6 (28. bxc5 Nxc5 29. Nd4 $14) 28... d5 $1 29. Rxe4 dxe4 30. c7
Nc6 $15 31. Nd2 Rc8 32. b5 Nb4 33. Rc4 Nd5 34. Rd4 Nxc7 $19 35. Bf1 Ne6 36. Bc4
Kf8 37. Rd6 Rd8 (37... Ng5 38. Kg2 Nf7 39. Rb6 Ne5 40. Bd5 Rcc7 $19) 38. Nxe4
fxe4 39. Rxe6 Rxe6 40. Bxe6 {Hecht: Demonstration der Überlegenheit des Turms.
Einfach.} Ke7 41. Bg4 Rd5 (41... Rd2 42. Kf1 Rb2 43. Be2 Kd6 $17) 42. Be2 Rd2
43. Bc4 Rb2 44. Bd5 (44. h4 Kd6 45. Kg2 Kc5 46. Bf1 Rxb5 $19) 44... Rxb5 45.
Bxe4 Rb2 46. h4 b5 47. Kf1 b4 48. Ke1 b3 49. Bd5 Rb1+ 50. Kd2 Rf1 51. Bxb3
Rxf2+ 52. Kd3 Rg2 53. h5 Rxg3 54. hxg6 h5 55. Ke4 h4 56. Kf4 Rg1 0-1

[Event "Gibraltar Masters 14th"]
[Site "Caleta"]
[Date "2016.01.31"]
[Round "6"]
[White "Demuth, Adrien"]
[Black "Rapport, Richard"]
[Result "0-1"]
[WhiteElo "2535"]
[BlackElo "2721"]
[Annotator "Meulders,R"]
[PlyCount "68"]
[EventDate "2016.01.26"]
[EventType "swiss"]
[EventRounds "10"]
[EventCountry "GGB"]
[SourceTitle "CBM 171"]
[Source "ChessBase"]
[SourceDate "2016.03.14"]
[SourceVersion "2"]
[SourceVersionDate "2016.03.14"]
[SourceQuality "1"]

1. d4 f5 2. c4 Nf6 3. Nf3 g6 4. g3 Bg7 5. Bg2 O-O 6. O-O d6 7. Nc3 Nc6 8. d5
Ne5 {This is one of the sharpest lines in the Dutch Leningrad. Thousands of
games have been played with this position and one can't venture into it
without having studied it at length.} 9. Nxe5 dxe5 10. Qb3 {After 10.e4 the
most played move.} h6 $1 {Directed at a troublesome Bg5 and preparing the
advance ...g5, of course.} 11. c5 Kh8 (11... Kh7) 12. Rd1 g5 13. Bd2 {This is
by far the most popular move now and the best way for White to continue his
development now that because of the queen on b3 a fianchetto with b3/Bb2 is
not possible. The older alternative is 13.Qc4.} e4 (13... a6 {is the most
played move. The following game by two top players illustrates how at every
move the situation may change if play is not accurate.} 14. Be1 Qe8 15. d6 exd6
16. cxd6 c6 17. Na4 e4 18. Nc5 $14 f4 $6 (18... Nd5) 19. Bc3 $18 e3 20. Bxf6
Rxf6 21. d7 exf2+ 22. Kf1 Bxd7 23. Nxd7 Re6 24. Nb6 $6 (24. Bf3 $1) 24... Re3
25. Qc4 (25. Qc2) 25... Rb8 26. Rd7 fxg3 27. hxg3 $14 Qh5 28. Kxf2 Rbe8 29. Re1
$11 Qh2 30. Qg4 R3e6 31. Rd3 $4 (31. Rf7 Kg8 $11) 31... h5 $19 32. Qxg5 Rf6+
33. Rf3 Rxf3+ 34. Kxf3 Rf8+ 35. Ke3 Qxg2 36. Kd3 Qf2 37. Rh1 Qd4+ 38. Kc2 Qxb2+
39. Kd1 Qb1+ 40. Kd2 Qxh1 {0-1 (40) Giri,A (2690)-Aronian,L (2808) Monte Carlo
2011}) 14. Rac1 (14. Be1 Ng4 15. Nb5 a6 16. Nd4 Qe8 17. f3 Nf6 18. Ba5 $16 (18.
Bc3 $16) 18... c6) 14... a6 (14... Qe8 15. c6 (15. Nb5 Nxd5) 15... b6 (15...
bxc6 16. dxc6 Qh5 (16... Qxc6 17. Nxe4) 17. Nd5 Nxd5 (17... Qxe2 18. Nxc7 Ng4
19. Be1) 18. Qxd5 Qxe2 19. Bc3 Bxc3 20. Rxc3) 16. Nb5 Qd8 17. Bb4 Ne8 (17... a6
18. Nxc7 Qxc7 19. d6 exd6 20. Bxd6 Qf7 21. Bxf8 Qxf8 22. Qxb6) 18. Bc3 Nd6 (
18... Nf6 19. Be5) 19. Bxg7+ Kxg7 $11 {1-0 (53) Gurevich,M (2629)-Miton,K 
(2383) Cappelle la Grande 1999 CBM 070 [Gurevich,M/Winants]}) 15. Be1 Qe8 16.
d6 (16. Na4 Bd7 17. c6 bxc6 18. dxc6 Bxc6 19. Nc5 Rb8 20. Qc2 Qc8 21. Bc3 e6
22. Be5 {1/2-1/2 (22) Mareco,S (2560)-Claverie,R (2423) Buenos Aires 2010})
16... c6 (16... exd6 17. cxd6 cxd6 18. Rxd6 b5 19. e3 Qe7 20. Qa3 Bb7 21. Ne2
Nd5 22. Rd1 Qf7 23. g4 $1 $14) 17. dxe7 $2 {This only helps Black and throws
away the advantage. Now that Black has avoided the double exchange on d6 by
playing ...c6, White has a passed pawn on d6, so it's illogical to exchange it
against the mere bystander on e7.} (17. Na4 $1 exd6 18. cxd6 Nd5 19. Ba5 Rf7
20. f3 $16) 17... Qxe7 $11 18. Rd6 Ne8 19. Rcd1 $2 {There is no justification
for this 'Russian' exchange sacrifice.} (19. Rdd1 $11) 19... Nxd6 20. cxd6 Qf7
$15 {From now on it's Black who calls the shots.} 21. Qxf7 $6 (21. Qb6 {
keeping the queens on was more tenacious.}) 21... Rxf7 22. Na4 Be6 23. Ba5 g4
24. f3 gxf3 25. exf3 e3 $17 26. Kf1 f4 $1 27. Nc5 Bd5 28. d7 $2 {The final
mistake.} (28. b3 $1 Rg8 29. d7 Bf6 30. Rd3 Bd8 31. Bxd8 Rxd8 32. Bh3 b6 33.
Ne6 Rdxd7 34. Nxf4 Rd6 35. Rxe3 $17) 28... Bf8 $19 29. Bc3+ (29. d8=Q Rxd8 30.
Bxd8 Bxc5 $19) 29... Kh7 30. Ne6 Rxd7 31. Nxf4 Bc4+ 32. Ke1 Rxd1+ 33. Kxd1 Rd8+
34. Ke1 Bxa2 0-1

[Event "GRE-ch 48th"]
[Site "Athens"]
[Date "1998.12.21"]
[Round "9"]
[White "Banikas, Hristos"]
[Black "Grivas, Efstratios"]
[Result "1/2-1/2"]
[WhiteElo "2490"]
[BlackElo "2520"]
[Annotator "Meulders,R"]
[PlyCount "55"]
[EventDate "1998.12.08"]
[EventType "tourn"]
[EventRounds "11"]
[EventCountry "GRE"]
[EventCategory "7"]
[SourceTitle "CBM 069"]
[Source "ChessBase"]
[SourceDate "1999.04.01"]
[SourceVersion "1"]
[SourceVersionDate "1999.04.01"]
[SourceQuality "1"]

1. d4 {Meulders} f5 2. g3 Nf6 3. Bg2 g6 4. Nf3 Bg7 5. O-O O-O 6. c4 d6 7. Nc3
e6 {Kein Riesenzug, aber immer gut für eine kleine Überraschung.} 8. Qc2 (8. b3
Nc6 9. Bb2 (9. Ba3 $1 Ne4 10. Qd3 Nxc3 11. Qxc3 Bd7 (11... Rf7 $5 {/\e5}) 12.
Rad1 Rf7 13. Qd2 Qe7 14. d5 Nd8 15. Ng5 Bh6 16. h4 e5 17. f4 $1 $14) 9... Qe7 (
9... e5 $5 10. dxe5 dxe5 11. e4 Qxd1 12. Raxd1 fxe4 13. Ng5 Bg4 14. Rde1 Nd4
$11) 10. d5 Ne4 $1 11. Qc1 (11. Rc1 $2 Nb4 12. a3 Na2 $1 $17) 11... Nxc3 (11...
Nd8 12. dxe6 Nxe6 $2 (12... Nxc3 13. Bxc3 Nxe6 {/\Nc5,a5=}) 13. Nd5 Qf7 14. e3
g5 15. Qc2 $14) 12. Bxc3 Nd8 13. Bxg7 Qxg7 14. e4 e5 $8 15. exf5 gxf5 16. Qg5
$1 (16. c5 f4 17. Nd2 Bf5 18. Ne4 Nf7 $15) 16... b6 (16... f4 17. Qxg7+ Kxg7
18. Rfc1 e4 $2 (18... Nf7) 19. Nd2 f3 20. Bf1 Re8 21. Re1 Bf5 22. Nxf3 $18) 17.
Qxg7+ Kxg7 18. Nd2 {/\f4+/-} f4 19. b4 Nf7 20. c5 Ng5 21. Rfc1 $2 (21. h4 Nh3+
22. Kh2 fxg3+ 23. fxg3 Nf2 24. cxd6 cxd6 25. Rac1 $14) 21... dxc5 $1 22. bxc5
Nh3+ 23. Bxh3 Bxh3 $10 24. cxb6 {1-0 Dautov,R-Zysk,R/Dortmund 1992/CBM 29/
[Dautov] (36)}) (8. Bg5 h6 9. Bxf6 Qxf6 10. e4 Nc6 11. exf5 gxf5 (11... exf5
12. Nd5 Qf7 13. Re1 g5 14. Qd2 f4 15. Re2 g4 $19 {T: 1.22 - 0.45. 0-1 Foukakis,
T-Zysk,R/Iraklio 1994/EXT 97 (21)}) 12. d5 Nb4 13. a3 Na6 14. Rc1 e5 15. b4 $14
{1-0 Dorfman,J-Meulders,R/Brussels 1993/CBM 34 ext (57) פa6}) 8... Nc6 9. d5 (
9. Rd1 Qe7 (9... Bd7 10. e4 fxe4 11. Nxe4 Nxe4 12. Qxe4 Qf6 $11 {T: 1.59 - 1.
49. 0-1 Lirindzakis,T-Zysk,R/Iraklio 1994/EXT 97 (37)}) 10. Rb1 (10. e4 fxe4
11. Nxe4 e5 12. dxe5 Nxe4 13. Qxe4 dxe5 14. g4 Kh8 (14... Be6 15. h3 Rae8 16.
Be3 $14 {1-0 Jussupow,A-Zysk,R/BL9293 1993/GER-chT (24)}) 15. h3 $14 {1/2-1/2
Podgaets,M-Tal,M/URS 1968/URS-ch (74)}) 10... a5 (10... e5 $2 11. dxe5 dxe5 12.
Nd5 Nxd5 13. cxd5 Nd8 14. Be3 $16 {Filip}) 11. a3 Nd8 12. e4 fxe4 13. Nxe4 Nxe4
14. Qxe4 Nf7 15. Bh3 Qf6 16. Bd2 d5 (16... e5 $5) 17. Qe2 dxc4 18. Bf4 $15 {
1-0 Tal,M-Botvinnik,M/Moscow 1960/MainBase (41)}) (9. e4 fxe4 10. Nxe4 Nxe4 11.
Qxe4 d5 12. Qd3 dxc4 13. Qxc4 Qd5 14. Qxd5 exd5 15. Bf4 Bf5 16. Rfd1 Be4 17.
Ne5 Bxg2 18. Kxg2 Nxe5 19. Bxe5 c6 {1/2-1/2 Jasnikowski,Z-Zysk,R/BL9293 1993/
GER-chT (19)}) 9... Ne5 (9... exd5 10. cxd5 Nb4 11. Qd1 Qe7 12. a3 Na6 13. Nd4
Bd7 14. b4 Ng4 15. e3 Rae8 16. Ra2 Bf6 17. Rc2 Qg7 18. Ncb5 Bxd4 19. Nxd4 Ba4
20. Ne6 Rxe6 21. dxe6 c6 22. Bb2 Qe7 23. Qd4 Nf6 24. Rd2 d5 25. Qxa7 Bb5 26.
Rc1 Qxe6 27. Qxb7 Nb8 28. Bxf6 {1-0 Saemisch,F-Reti,R/Wien 1922/HCL (28)}) (
9... Nb4 10. Qb3 (10. Qd1 a5 11. Ng5 e5 12. e4 h6 13. Ne6 Bxe6 14. dxe6 c6 15.
exf5 $16 {0-1 Tauber,M-Zysk,R/Munich 1993/TD (37)}) 10... Na6 11. dxe6 Nc5 12.
Qc2 Bxe6 13. b3 Kh8 $1 14. Bb2 c6 15. Rfd1 Qe7 16. Rac1 a5 $10) 10. dxe6 Nxf3+
11. Bxf3 c6 12. Bf4 Bxe6 $14 13. Rad1 Bxc4 14. Bxd6 Rf7 15. b3 Be6 16. Rfe1 Rd7
17. Be5 Rxd1 18. Rxd1 Qa5 19. Bd4 Rd8 20. Na4 Bf7 21. e3 Bd5 22. Bxd5+ Qxd5 23.
Nc3 Qa5 24. b4 Qxb4 25. Rb1 Qe7 26. Qb3+ Nd5 27. Nxd5 Rxd5 28. Qxb7 1/2-1/2